00555 a2200145 4500003000500000005001700005040000900022082001500031100001100046245004200057260004300099300000800142505021900150650004000369Nust20230119173258.0 cNust a665.89,CAR aCarbon aCarbon Dioxide extingushing systems / aLondonbNational fire Protectionc1969 a104 aGeneral Information and Requirements (Page-12-5), Total Flooding Systems (Page-12-28), Local Application Systems (Page-12-38), Hand Hose Line Systems (Page-12-45), Standpipe Systems and Mobile Supply (Page- 12-48). aCarbon Dioxide extingushing systems